000
00227nam a2200097Ia 4500
008
190216s9999||||xx |||||||||||||| ||und||
100
_a
Dr.Radakrishnan S
245
0
_a
Religion And Culture
260
_b
Nbs Kottayam
942
_c
BK
999
_c
18723
_d
18723